Stanovenie hodnoty nehmotného majetku podniku diplomová práca

Enregistré dans:
Détails bibliographiques
Auteur principal: Ondrejkovičová, Dáša
Collectivité auteur: Fakulta podnikového manažmentu EU. Katedra podnikových financií
Autres auteurs: Harumová, Anna, 1955-
Format: Livre
Langue:slovaque
Publié: Bratislava 2013
Tags: Ajouter un tag
Pas de tags, Soyez le premier à ajouter un tag!

MARC

LEADER 00000nbm a2200000 4500
001 0170950
005 20161109102420.6
041 0 |a slo 
044 |a SK 
245 1 0 |a Stanovenie hodnoty nehmotného majetku podniku  |b diplomová práca  |c Dáša Ondrejkovičová ; školiteľ: Anna Harumová 
264 1 |a Bratislava  |c 2013 
300 |a 67 s. 
100 1 |a Ondrejkovičová, Dáša 
700 1 |a Harumová, Anna, 1955- 
710 2 |a Fakulta podnikového manažmentu EU. Katedra podnikových financií